| 000 | 00487nam a22001817a 4500 | ||
|---|---|---|---|
| 003 | MPLRDC | ||
| 005 | 20220104144245.0 | ||
| 008 | 210129b ||||| |||| 00| 0 eng d | ||
| 082 | _a857.62 CHRIS v.30 c.2 | ||
| 100 | _aAGATHA CHRISTIE | ||
| 245 |
_a年轻冒险家 _c邵均宜 译 |
||
| 250 | _a初版 | ||
| 260 |
_a _b远景出版事业公司 _c1983 |
||
| 300 | _b平 | ||
| 490 | _a克莉丝蒂侦探小说全集. 30 | ||
| 650 | _a推理小说 | ||
| 942 |
_cBK _o857.62 CHRIS v.30 c.2 |
||
| 999 |
_c47884 _d47874 |
||